New directions in photodynamic therapy : 28-29 October 1987, Cambridge, Massachusetts /

Bibliographic Details
Corporate Author: Society of Photo-optical Instrumentation Engineers
Other Authors: Neckers, Douglas C.
Format: Book
Language:English
Published: Bellingham, Wash. : SPIE, [1988]
Series:Proceedings of SPIE--the International Society for Optical Engineering ; v. 847.
Subjects:

MARC

Tag First Indicator Second Indicator Subfields
LEADER 00000cam a2200000 a 4500
001 in00000016055
005 20151007052654.0
008 880304s1988 waua b 10100 eng d
010 |a  87063193  
020 |a 0892528826 (pbk.) :  |c $73.10 
035 |a (OCoLC)17576270 
035 |9 AAA8740AM 
040 |a SCT  |c SCT  |d NAG  |d TXA  |d UtOrBLW 
049 |a TXAM  |c [A12644223] 
050 4 |a RM835.5  |b .N4 1988 
245 0 0 |a New directions in photodynamic therapy :  |b 28-29 October 1987, Cambridge, Massachusetts /  |c Douglas C. Neckers, chair/editor ; sponsored by SPIE--the International Society for Optical Engineering. 
264 1 |a Bellingham, Wash. :  |b SPIE,  |c [1988] 
264 4 |c ©1988 
300 |a vi, 212 pages :  |b illustrations ;  |c 28 cm. 
336 |a text  |b txt  |2 rdacontent 
337 |a unmediated  |b n  |2 rdamedia 
338 |a volume  |b nc  |2 rdacarrier 
490 1 |a Proceedings of SPIE--The International Society for Optical Engineering ;  |v v. 847 
504 |a Includes bibliographical references and author index. 
650 0 |a Photochemotherapy  |v Congresses. 
650 0 |a Phototherapy  |x Congresses. 
650 0 |a Chemotherapy  |x Congresses. 
700 1 |a Neckers, Douglas C. 
710 2 |a Society of Photo-optical Instrumentation Engineers. 
830 0 |a Proceedings of SPIE--the International Society for Optical Engineering ;  |v v. 847. 
999 |a MARS 
999 f f |s 3a177cbc-bf91-33c2-9fe5-44cba2408bab  |i 3313833e-3f0f-3a65-b645-cb3364b13652  |t 0 
952 f f |p ric  |a Texas A&M University  |b Rellis Campus  |c Joint Library Facility  |d Remote Storage  |t 0  |e RM835.5 .N4 1988  |h Library of Congress classification  |i unmediated -- volume  |m A14812644223 
998 f f |a RM835.5 .N4 1988  |t 0  |l Remote Storage